The Netherlands Current Squad - Statistics

General Stats
  • This quiz has been taken 34 times
  • The average score is 17 of 38
Answer Stats
Pos. Club Player % Correct
CM Barcelona Frenkie de Jong
93%
ST Sevilla Luuk de Jong
93%
ST Lyon Memphis Depay
90%
CB Liverpool Virgil van Dijk
90%
CM Man United Donny van de Beek
83%
CB Ajax Daley Blind
80%
CB Man City Nathan Ake
80%
CB Inter Stefan de Vrij
80%
CM Liverpool Georginio Wijnaldum
77%
GK Valencia Jasper Cillessen
77%
RW Spurs Steven Bergwijn
73%
GK Norwich Tim Krul
67%
CB Brighton Joel Veltman
53%
CM Atalanta Marten de Roon
53%
ST Wolfsburg Wout Weghorst
53%
RB PSV Denzel Dumfries
50%
LW Galatasaray Ryan Babel
50%
RW Feyenoord Steven Berghuis
47%
RB Atalanta Hans Hateboer
43%
CM Werder Bremen Davy Klaassen
40%
ST PSV Donyell Malen
40%
LW Ajax Quincy Promes
30%
CM Brighton Davy Propper
27%
RB Man United Timothy Fosu-Mensah
27%
GK Spezia Jeroen Zoet
23%
RB Fulham Kenny Tete
23%
RW AZ Calvin Stengs
20%
CM PSV Mohamed Ihattaren
20%
CB Ajax Perr Schuurs
20%
GK AZ Marco Bizot
17%
ST AZ Myron Boadu
17%
LB AZ Owen Wijndal
17%
CM AZ Teun Koopmeiners
17%
RW Hertha Javairo Dilrosun
13%
CM Feyenoord Leroy Fer
10%
CM Krasnodar Tonny Vilhena
10%
CM PSV Pablo Rosario
7%
CM Marseille Kevin Stootman
0%
No matching quizzes found
Score Distribution
Percent of People with Each Score
Percentile by Number Answered
Your Score History
You have not taken this quiz